|
|
|
|
| LEADER |
00926nam a22002297a 4500 |
| 001 |
AAL6786 |
| 003 |
BD-DhAAL |
| 005 |
20160225143643.0 |
| 008 |
160225s 2006bg ||||| |||| 00| 0 ben d |
| 020 |
|
|
|a 9844019591
|
| 040 |
|
|
|a BD-DhAAL
|c BD-DhAAL
|
| 082 |
|
|
|2 22
|a 491.448242
|
| 100 |
|
|
|a আমীন, মোহাম্মদ
|9 18199
|
| 245 |
|
|
|a হাসতে হাসতে বাংলা শেখা /
|c মোহাম্মদ আমীন
|
| 260 |
|
|
|a ঢাকা :
|b আগামী প্রকাশনী,
|c ২০০৬
|
| 300 |
|
|
|a 72 পৃ. ;
|c ২২ সে.মি.
|
| 541 |
|
|
|e 6786
|
| 650 |
|
|
|a Bengali language --
|x Self-instruction.
|9 18200
|
| 852 |
|
|
|a Savar Campus Library
|c General Shelf
|
| 942 |
|
|
|2 ddc
|c BK
|
| 999 |
|
|
|c 36935
|d 36935
|
| 952 |
|
|
|0 0
|1 0
|2 ddc
|4 0
|6 491_448242000000000_AMI
|7 0
|9 58172
|a SCL
|b SCL
|c GEN
|d 2016-02-25
|g 56.00
|l 3
|o 491.448242 AMI
|p 3020006786
|r 2026-05-21
|s 2025-06-23
|t 1
|w 2016-02-25
|y BK
|